| 000 | 01432nam a2200301 i 4500 | ||
|---|---|---|---|
| 003 | OSt | ||
| 005 | 20260419110216.0 | ||
| 008 | 240419t20242023enka ar 000 1 eng d | ||
| 020 |
_a9781801045018 _cRM 98.90 _qpaperback |
||
| 040 |
_aPPAK _beng _cPPAK _erda |
||
| 082 | 0 | 4 |
_223 _a823.92 |
| 090 | 0 | 0 |
_a823.92 _bGRE _dK |
| 100 | 1 |
_aGreen, Craig, _eauthor. |
|
| 245 | 1 | 0 |
_aGINA KAMINSKI Saves the Wolf / _cCraig Barr-Green, Francis Martin. |
| 264 | 1 |
_aLondon : _bLittle Tiger, _c2024 |
|
| 264 | 4 | _c©2023. | |
| 300 |
_a30 unnumbered pages : _bcolour illustrations ; _c28 cm |
||
| 336 |
_atext _2rdacontent |
||
| 337 |
_aunmediated _2rdamedia |
||
| 338 |
_avolume _2rdacarrier |
||
| 520 | _aGina Kaminski is here to tell you three facts. 1 - Little Red Riding Hood is full of big mistakes. 2 - She is off to fairy tale land to fix them. 3 - She will save the wolf. Who's afraid of the big bad wolf? Certainly not Gina as she takes the narrative lead and tells the story in her own distinctive way. An empowering retelling of Little Red Riding Hood about challenging the traditional narratives we are told, with a confident, autistic character at its heart. | ||
| 650 | 1 | 0 |
_aLittle Red Riding Hood (Tale) _vJuvenile fiction. |
| 650 | 2 | 0 |
_aWolves _vJuvenile fiction |
| 650 | 2 | 0 |
_aEmojis _vJuvenile fiction |
| 655 | 7 | _aPicture books. | |
| 700 | 1 |
_aMartin, Francis, _eauthor, _eillustrator. |
|
| 942 |
_2ddc _cB |
||
| 999 |
_c203900 _d203900 |
||